000 00645nam a2200217Ia 4500
005 20250213010625.0
008 240331s9999 xx 000 0 und d
020 _a8173041067
082 _bMUK
_22713
_a304.63
100 _aMukhopadhyay, S
100 _aSavithri, R
245 0 _aPoverty, Gender and Reproductive Choice:
_bAn Analysis of Linkages
260 _aNew Delhi
_bManohar Publishers & Distributors;
_bInstitute of Social Studies Trust
_c1998
300 _a126 p.,
650 _aGender Inequality
650 _aEconomic Development
650 _aPoverty
650 _aReproductive Choice
650 _aWomen's Health
942 _cL
999 _c1425
_d1425